Indians in Fiji (Record no. 223775)
[ view plain ]
| 000 -LEADER | |
|---|---|
| fixed length control field | 00509nam a22001937a 4500 |
| 005 - DATE AND TIME OF LATEST TRANSACTION | |
| control field | 20220714142926.0 |
| 008 - FIXED-LENGTH DATA ELEMENTS--GENERAL INFORMATION | |
| fixed length control field | 220714b ||||| |||| 00| 0 eng d |
| 040 ## - CATALOGING SOURCE | |
| Transcribing agency | AL |
| 041 ## - LANGUAGE CODE | |
| Language code of text/sound track or separate title | English |
| 082 ## - DEWEY DECIMAL CLASSIFICATION NUMBER | |
| Edition number | 23 |
| Classification number | 325.2540 |
| Item number | MAYI |
| 100 ## - MAIN ENTRY--PERSONAL NAME | |
| Personal name | Adrian C Mayer |
| 100 ## - MAIN ENTRY--PERSONAL NAME | |
| 9 (RLIN) | 49401 |
| 245 ## - TITLE STATEMENT | |
| Title | Indians in Fiji |
| 260 ## - PUBLICATION, DISTRIBUTION, ETC. | |
| Place of publication, distribution, etc. | London |
| Name of publisher, distributor, etc. | Oxford University Press |
| Date of publication, distribution, etc. | 1963 |
| 300 ## - PHYSICAL DESCRIPTION | |
| Extent | 142 p. |
| Other physical details | PB |
| Dimensions | 18.5x12 cm. |
| 650 ## - SUBJECT ADDED ENTRY--TOPICAL TERM | |
| Topical term or geographic name entry element | East Indians |
| 9 (RLIN) | 49402 |
| 650 ## - SUBJECT ADDED ENTRY--TOPICAL TERM | |
| Topical term or geographic name entry element | Fiji |
| 9 (RLIN) | 49403 |
| 700 ## - ADDED ENTRY--PERSONAL NAME | |
| Personal name | MAYER (Adrian C) |
| 9 (RLIN) | 49404 |
| 942 ## - ADDED ENTRY ELEMENTS (KOHA) | |
| Source of classification or shelving scheme | Dewey Decimal Classification |
| Koha item type | George Fernandes Collections |
| Withdrawn status | Lost status | Source of classification or shelving scheme | Damaged status | Not for loan | Collection code | Home library | Current library | Date acquired | Total Checkouts | Full call number | Barcode | Date last seen | Price effective from | Koha item type |
|---|---|---|---|---|---|---|---|---|---|---|---|---|---|---|
| Dewey Decimal Classification | Political Science | St Aloysius Library | St Aloysius Library | 03/23/2013 | 325.2540 MAYI | GF00475 | 07/14/2022 | 07/14/2022 | George Fernandes Collections |